| 000 | 00642nam a2200229Ia 4500 | ||
|---|---|---|---|
| 005 | 20260429111959.0 | ||
| 008 | 260429s9999||||xx |||||||||||||| ||und|| | ||
| 020 | _a9798886131062 | ||
| 041 | _aEnglish | ||
| 082 |
_a657.42 _bFRI |
||
| 100 | _aFriedl, Gunther | ||
| 245 | 0 |
_aCost accounting : _ba decision-oriented approach / _cGunther Friedl |
|
| 260 |
_aSingapore : _bWorld Scientific Publishing, _c2025. |
||
| 300 | _axv, 615 p.; pbk | ||
| 650 | _a Accounting | ||
| 650 | _a Cost accounting | ||
| 650 | _aManagement | ||
| 700 | _a Hofmann, Christian | ||
| 700 | _a Pedell, Burkhard | ||
| 700 | _a Schafer, Peter | ||
| 942 | _cTB | ||
| 999 |
_c51731 _d51731 |
||